Records de candidatures aux éléctions présidentielles - France - Statistiques

Statistiques générales
  • Ce quiz a été pris 89 fois
  • Le résultat moyen est 8 sur 11
Statistiques - réponses
Nombre Candidat % Correct
5 Jean-Marie Le Pen
97%
3 Marine Le Pen
96%
4 François Mitterrand
92%
4 Jacques Chirac
92%
3 Philippe Poutou
75%
6 Arlette Laguiller
66%
3 Jean-Luc Mélenchon
66%
3 François Bayrou
52%
3 Nathalie Arthaud
52%
3 Nicolas Dupont-Aignan
48%
3 Jacques Cheminade
34%
Aucun quiz correspondant
Distribution des résultats
% des personnes avec chaque résultat
Percentile par nombre de réponses
Votre historique - résultats
Vous n’avez pas pris ce quiz